[Event "Czech Open A"]
[Site "Pardubice CZE"]
[Date "2009.07.28"]
[Round "5"]
[White "Gutman,G"]
[Black "Tomazini,Z"]
[Result "1-0"]
[WhiteElo "2508"]
[BlackElo "2119"]

1.d4 Nf6 2.c4 g6 3.Nc3 Bg7 4.e4 d6 5.Nf3 O-O 6.Be2 e5 7.d5 a5 8.Bg5 h6 9.Bh4 Na6
10.Nd2 Qe8 11.a3 Bd7 12.b3 Nh7 13.O-O h5 14.f3 Bf6 15.Bf2 Qe7 16.Kh1 Bh4
17.Bg1 Bg5 18.Bd3 h4 19.Rb1 Nf6 20.Ne2 Nh5 21.Bf2 Kg7 22.b4 axb4 23.axb4 Rh8
24.Re1 Bf4 25.Nxf4 Nxf4 26.Bf1 Qg5 27.Be3 Qh6 28.c5 g5 29.h3 f5 30.c6 bxc6
31.dxc6 Be6 32.Bc4 Nh5 33.b5 Nc5 34.Bxc5 dxc5 35.Bxe6 Qxe6 36.Qb3 Qxb3 37.Rxb3 Rhd8
38.Nc4 Ra2 39.b6 Ng3+ 40.Kh2 cxb6 41.c7 Rda8 42.Nxb6 Re2 43.Rbb1 Rxg2+ 44.Kxg2 Ra2+
45.Kg1 g4 46.fxg4 fxg4 47.c8=Q  1-0

[Event "ch-Euro Senior"]
[Site "Rogaska Slatina SLO"]
[Date "2009.07.28"]
[Round "7"]
[White "Stull,N"]
[Black "Rusjan,D"]
[Result "1-0"]
[WhiteElo "2156"]
[BlackElo "2094"]

1.c4 Nf6 2.Nc3 g6 3.e4 d6 4.d4 Bg7 5.Be2 O-O 6.Nf3 e5 7.O-O exd4 8.Nxd4 Nc6
9.Be3 Re8 10.f3 Be6 11.Qd2 a6 12.Rfd1 Qd7 13.Rac1 Rad8 14.Bf1 Nxd4 15.Bxd4 h6
16.Nd5 Bxd5 17.cxd5 Nh5 18.Bxg7 Nxg7 19.Qxh6 Re7 20.Rd4 c5 21.dxc6 bxc6 22.Bc4 Ne6
23.Bxe6 Rxe6 24.Qd2 d5 25.h3 Rd6 26.exd5 Rxd5 27.Rxd5 cxd5 28.Qf4 Qe6 29.Qd4 Qd6
30.Kh1 f6 31.b4 Kf7 32.a4 Rd7 33.b5 axb5 34.axb5 Qe5 35.Qh4 g5 36.Qh7+ Ke6
37.Qb1 Qd6 38.Rc6  1-0

[Event "ch-Africa"]
[Site "Tripoli LBA"]
[Date "2009.07.28"]
[Round "7"]
[White "Abdelnabbi,I"]
[Black "Haddouche,M"]
[Result "1/2-1/2"]
[WhiteElo "2452"]
[BlackElo "2329"]

1.Nf3 Nf6 2.c4 g6 3.Nc3 Bg7 4.e4 d6 5.d4 O-O 6.Be2 Nbd7 7.O-O e5 8.Re1 Re8
9.Bf1 c6 10.d5 c5 11.a3 Rf8 12.Rb1 Ne8 13.b4 h6 14.g3 b6 15.Bd2 Qe7 16.Qc2 Ndf6
17.h3 Nh7 18.Qc1 h5 19.Bg2 Bd7 20.bxc5 dxc5 21.Nb5 Nd6 22.Nxd6 Qxd6 23.Bc3 Ba4
24.Re2 Rae8 25.Qb2 Re7 26.Rbe1 Rfe8 27.Nd2 h4 28.gxh4 Bh6 29.Nf3 Bf4 30.Bd2 Bxd2
31.Qxd2 Nf6 32.Qh6 Nh5 33.Ng5 Qf6 34.Qh7+ Kf8 35.Qh6+ Qg7 36.Qxg7+ Kxg7 37.Rd2 Nf4
38.Bf1 Rd7 39.Re3 f6 40.Nf3 Rh8 41.Kh2 Kf7 42.Kg3 Rdd8 43.Ng1 Nh5+ 44.Kh2 Nf4
45.Kg3 Nh5+ 46.Kh2 Nf4  1/2-1/2

[Event "Women's Open"]
[Site "Vratsa BUL"]
[Date "2009.07.28"]
[Round "5"]
[White "Dragomirescu,An"]
[Black "Bednikova,S"]
[Result "1-0"]
[WhiteElo "2215"]
[BlackElo "2084"]

1.d4 Nf6 2.c4 g6 3.Nf3 Bg7 4.Nc3 O-O 5.e4 d6 6.Be2 e5 7.Be3 exd4 8.Nxd4 Re8
9.f3 c6 10.Bf2 d5 11.exd5 cxd5 12.c5 Na6 13.Nb3 Nc7 14.O-O Nh5 15.Qd2 Bf6
16.f4 Ng7 17.Bf3 d4 18.Bxd4 Bxd4+ 19.Qxd4 Qxd4+ 20.Nxd4 Nge6 21.Nxe6 Nxe6
22.Ne4 Rf8 23.b4 Nxf4 24.Nd6 Rb8 25.Rad1 Be6 26.Bxb7 Ne2+ 27.Kf2 Nc3 28.Rd4 Bxa2
29.c6 Be6 30.c7 Rxb7 31.Nxb7 Nb5 32.Rd8 Nxc7 33.Rxf8+ Kxf8 34.Rc1 Nd5 35.b5 Ke7
36.Na5 Nb4 37.Nc6+ Nxc6 38.Rxc6 Bd7 39.Rc7 Ke6 40.Rb7 Be8 41.Ke3 Kd5 42.Rxa7 Bxb5
43.Rxf7 h6 44.Rh7 h5 45.Kf4 Kd4 46.Rg7 Be8 47.Rg8 Bf7 48.Rd8+ Kc5 49.Kg5 Kc6
50.g3 Kc7 51.Rf8 Be6 52.Kxg6 Bg4 53.Re8 Kd6 54.Re3 Kd5 55.Kg5 Kd4 56.Re7 Kd5
57.Kh4 Kd6 58.Re3 Kc6 59.Re5 Kd6 60.Rxh5  1-0

[Event "ZMD Open"]
[Site "Dresden GER"]
[Date "2009.07.29"]
[Round "5"]
[White "Sanikidze,T"]
[Black "Heck,N"]
[Result "1-0"]
[WhiteElo "2559"]
[BlackElo "2324"]

1.d4 Nf6 2.c4 g6 3.Nc3 Bg7 4.e4 d6 5.Nf3 O-O 6.Be2 e5 7.O-O Nbd7 8.Re1 c6
9.Bf1 a5 10.Rb1 Re8 11.d5 Nc5 12.b3 Bd7 13.a3 cxd5 14.cxd5 b5 15.b4 axb4
16.axb4 Na4 17.Nxa4 bxa4 18.b5 Bg4 19.Ba3 Re7 20.h3 Bxf3 21.Qxf3 Ne8 22.Rec1 f5
23.exf5 Rf7 24.b6 gxf5 25.Rc6 e4 26.Qe3 Be5 27.b7 Rb8 28.Qa7 Rc7 29.Ra6 Kf7
30.Rxa4 Nf6 31.Ra6 Ke7 32.Bb4 Rd7 33.Rc6 f4 34.Ba5 Qg8 35.Bc7 Qxd5 36.Qxb8 Qxc6
37.Qa8 Qc2 38.b8=Q Bd4 39.Bd8+ Rxd8 40.Qxd8+ Ke6  1-0

[Event "ZMD Open"]
[Site "Dresden GER"]
[Date "2009.07.29"]
[Round "5"]
[White "Bluebaum,J"]
[Black "Groetzbach,D"]
[Result "1-0"]
[WhiteElo "2008"]
[BlackElo "1803"]

1.d4 Nf6 2.c4 g6 3.Nc3 Bg7 4.e4 d6 5.Nf3 O-O 6.Be2 e5 7.Be3 Na6 8.O-O Ng4
9.Bg5 Qe8 10.h3 h6 11.Bc1 Nf6 12.d5 Nc5 13.Qc2 a5 14.Ne1 Kh7 15.Be3 Nfd7
16.Nb5 Qd8 17.b3 f5 18.f3 f4 19.Bf2 Rf7 20.Rb1 b6 21.Qd2 Nf6 22.Nd3 Nfxe4
23.fxe4 Nxe4 24.Qd1 Ng5 25.Bg4 e4 26.Nb2 f3 27.Bxc8 Qxc8 28.Bd4 fxg2 29.Rxf7 Nxf7
30.Kxg2 Ng5 31.Qg4 Qf8 32.Nd1 Bxd4 33.Nxd4 Re8 34.Ne3 Re7 35.Rf1 Qg7 36.Ne6 Nxe6
37.dxe6 Kh8 38.Qxe4 Qg8 39.Rf6 Kh7 40.Nd5  1-0

[Event "ch-AUT"]
[Site "Jenbach AUT"]
[Date "2009.07.29"]
[Round "5"]
[White "Gerhold,M"]
[Black "Schnegg,D"]
[Result "1/2-1/2"]
[WhiteElo "2241"]
[BlackElo "2092"]

1.Nf3 Nf6 2.c4 g6 3.Nc3 Bg7 4.e4 d6 5.d4 O-O 6.Be2 e5 7.Be3 Ng4 8.Bg5 f6
9.Bc1 Nh6 10.dxe5 fxe5 11.c5 Nf7 12.Bc4 Kh8 13.Be3 Nc6 14.h3 Nd4 15.Nxd4 exd4
16.Bxd4 Ne5 17.Be2 Qg5 18.g3 dxc5 19.Be3 Qe7 20.Qd5 Nd7 21.O-O-O c6 22.Qd6 Qxd6
23.Rxd6 Bd4 24.Rxd4 cxd4 25.Bxd4+ Nf6 26.e5 Nd5  1/2-1/2

[Event "Tchibo Open B"]
[Site "Pardubice CZE"]
[Date "2009.07.29"]
[Round "6"]
[White "Tolstikh,N"]
[Black "Zhou,S"]
[Result "1-0"]
[WhiteElo "2374"]
[BlackElo "2148"]

1.Nf3 Nf6 2.c4 g6 3.Nc3 Bg7 4.e4 d6 5.d4 O-O 6.Be2 e5 7.dxe5 dxe5 8.Qxd8 Rxd8
9.Bg5 Re8 10.Nd5 Nxd5 11.cxd5 c6 12.Bc4 cxd5 13.Bxd5 Nd7 14.Nd2 Nc5 15.Be3 Nd3+
16.Ke2 Nf4+ 17.Bxf4 exf4 18.Kf3 Be6 19.Nc4 Bxd5 20.exd5 Red8 21.Rad1 Rac8
22.b3 Rc5 23.d6 Rc6 24.a4 Bf8 25.Rd5 f6 26.Rhd1 b6 27.Kxf4 Kf7 28.g4 h6 29.h4 Ke6
30.Ke4 Rc5 31.Rxc5 bxc5 32.Rd5 Bxd6 33.Nxd6 Rxd6 34.Rxc5 Rb6 35.Rb5 f5+ 36.gxf5+ gxf5+
37.Kd4 Rd6+ 38.Ke3 Rd1 39.Rb7 Rh1 40.Rxa7 Rxh4 41.Rb7 Kd5 42.Rb5+ Ke6 43.a5 Rh1
44.b4 f4+  1-0

[Event "Czech Open A"]
[Site "Pardubice CZE"]
[Date "2009.07.29"]
[Round "6"]
[White "Tiemann,C"]
[Black "Baryshpolets,A"]
[Result "0-1"]
[WhiteElo "2217"]
[BlackElo "2426"]

1.Nf3 Nf6 2.c4 g6 3.Nc3 Bg7 4.e4 d6 5.d4 O-O 6.Be2 e5 7.Be3 Qe7 8.d5 Ng4
9.Bg5 f6 10.Bd2 f5 11.Qc2 Na6 12.Ng5 h6 13.Nh3 Nf6 14.O-O-O fxe4 15.Nxe4 c6
16.dxc6 bxc6 17.Nxd6 Qxd6 18.Qxg6 Ne8 19.Qh5 Bf5 20.g4 Bg6 21.Qh4 Nb4 22.Bxb4 Qxb4
23.g5 e4 24.Rd2 e3 25.fxe3 Bxb2+  0-1

[Event "ch-Euro Senior"]
[Site "Rogaska Slatina SLO"]
[Date "2009.07.29"]
[Round "8"]
[White "Nickl,K"]
[Black "Sinelnikov,I"]
[Result "1/2-1/2"]
[WhiteElo "2150"]
[BlackElo "2227"]

1.d4 g6 2.c4 Bg7 3.Nc3 d6 4.Nf3 Nf6 5.e4 O-O 6.Be2 Nbd7 7.O-O e5 8.d5 Nc5
9.Qc2 a5 10.Bg5 h6 11.Bh4 g5 12.Bg3 Nh5 13.Ne1 Nf4 14.Nd3 b6 15.b3 Bd7 16.f3 f5
17.Rae1 h5 18.Bxf4 exf4 19.Nxc5 bxc5 20.exf5 Bxf5 21.Bd3 Bxd3 22.Qxd3 Qf6
23.Nb5 Qf7 24.Re6 a4 25.Rfe1 axb3 26.axb3 Bf6 27.Qf5 Bd4+ 28.Nxd4 Qxf5 29.Nxf5 Rxf5
30.Re8+ Rf8 31.Rxa8 Rxa8 32.Re7 Ra7 33.h4 gxh4 34.Kh2 Ra1 35.Rxc7 h3 36.gxh3 Ra2+
37.Kg1 Rb2 38.Rb7 Kf8 39.Rd7 Rxb3 40.Rxd6 Rxf3 41.Rc6 Rxh3 42.Rxc5 Ke7 43.Rc6 h4
44.Re6+ Kd7 45.c5 Rc3 46.c6+ Kc7 47.Rf6 Rd3 48.Rf7+ Kc8 49.Rxf4  1/2-1/2

[Event "ch-Africa"]
[Site "Tripoli LBA"]
[Date "2009.07.29"]
[Round "8"]
[White "Nyazi,N"]
[Black "Solomons,D"]
[Result "1-0"]
[WhiteElo "2237"]
[BlackElo "2210"]

1.d4 Nf6 2.c4 g6 3.Nc3 Bg7 4.e4 d6 5.Be2 O-O 6.Nf3 e5 7.O-O Nbd7 8.Be3 Re8
9.Qc2 c6 10.Rad1 Qe7 11.d5 c5 12.Ne1 h6 13.b4 b6 14.Nd3 g5 15.bxc5 bxc5 16.Rb1 Nb6
17.Nc1 Ng4 18.Bd2 Rf8 19.f3 Nf6 20.g4 Nh7 21.Bd3 h5 22.h3 Rd8 23.N1e2 h4
24.Nd1 Nf8 25.Ne3 Ng6 26.Nc3 Nf4 27.Kh2 Bd7 28.Rfc1 Qf6 29.Nf5 Rab8 30.Bf1 Ng6
31.Nb5 Bxf5 32.exf5 e4 33.fxg6 exf3 34.gxf7+ Qxf7 35.Qf5 Be5+ 36.Kh1 Qxf5
37.gxf5 a6 38.Na7 Rb7 39.Nc6 Rf8 40.Nxe5 dxe5 41.Bd3 e4  1-0

[Event "ZMD Open"]
[Site "Dresden GER"]
[Date "2009.07.30"]
[Round "6"]
[White "Jungbluth,M"]
[Black "Bueder,T"]
[Result "1/2-1/2"]
[WhiteElo "2055"]
[BlackElo "2201"]

1.d4 Nf6 2.c4 g6 3.Nc3 Bg7 4.e4 d6 5.Nf3 O-O 6.Be2 Nbd7 7.O-O e5 8.d5 Nc5
9.Qc2 a5 10.Bg5 h6 11.Be3 b6 12.Nd2 Ng4 13.Bxg4 Bxg4 14.a3 Na6 15.Kh1 Bd7
16.f4 f5 17.Ne2 exf4 18.Bd4 Bxd4 19.Nxd4 Qf6 20.Qc3 g5 21.exf5 Bxf5 22.Nxf5 Qxf5
23.g3 Qe5 24.Qc2 fxg3 25.Qg6+ Qg7 26.Qe6+ Kh8 27.hxg3 Nc5 28.Qh3 Kh7 29.Rae1 Nd3
30.Re6 Nf2+ 31.Rxf2 Rxf2 32.Ne4 Rf7 33.Qh5 Rg8 34.Nxg5+ Qxg5 35.Qxf7+ Rg7
36.Qf4 Qxf4 37.gxf4 Rf7 38.Kg2 Rxf4 39.Re7+ Kg6 40.Rxc7 Kf5 41.b4 axb4 42.axb4 Ke5
43.Kg3 Rd4  1/2-1/2

[Event "ch-AUT"]
[Site "Jenbach AUT"]
[Date "2009.07.30"]
[Round "6"]
[White "Tabernig,B"]
[Black "Hackbarth,W"]
[Result "1-0"]
[WhiteElo "2323"]
[BlackElo "2123"]

1.d4 Nf6 2.c4 g6 3.Nc3 Bg7 4.e4 d6 5.Be2 O-O 6.Nf3 e5 7.Be3 Nc6 8.d5 Nb4
9.a3 Na6 10.Nd2 c5 11.Rb1 Bd7 12.b4 b6 13.O-O Ne8 14.bxc5 dxc5 15.Nb5 Nac7
16.a4 Nxb5 17.cxb5 Nd6 18.f3 Re8 19.Nc4 Bf8 20.Qc2 f5 21.g3 Qf6 22.Bd2 h5
23.Bd3 h4 24.Rbe1 hxg3 25.hxg3 Kf7 26.f4 Nxc4 27.Qxc4 exf4 28.Bxf4 Bd6 29.exf5 Bxf4
30.fxg6+ Kg7 31.Qxf4 Qxf4 32.gxf4 Kf6 33.Kf2 Bf5 34.Bxf5 Kxf5 35.Rxe8 Rxe8
36.Rg1 Kxf4 37.g7 Rg8 38.d6  1-0

[Event "Brama Lubawska"]
[Site "Lubawka POL"]
[Date "2009.07.30"]
[Round "3"]
[White "Shishkin,Va UKR"]
[Black "Lahiri,A"]
[Result "1-0"]
[WhiteElo "2498"]
[BlackElo "2332"]

1.d4 Nf6 2.c4 g6 3.Nc3 Bg7 4.e4 d6 5.Be2 O-O 6.Nf3 e5 7.Be3 Ng4 8.Bg5 f6
9.Bh4 g5 10.Bg3 Nh6 11.d5 Nd7 12.O-O f5 13.exf5 Nxf5 14.Nd2 Nd4 15.Nde4 h6
16.Bg4 Nf6 17.Bxc8 Rxc8 18.f3 Nh5 19.Ne2 Nf4 20.Nxd4 exd4 21.Qd2 Qd7 22.Rae1 Rce8
23.b3 c6 24.dxc6 bxc6 25.h4 Be5 26.hxg5 hxg5 27.Bxf4 gxf4 28.Nf2 Qf5 29.Qd3 Kg7
30.Qxf5 Rxf5 31.Nd3 a5 32.Re4 Rd8 33.Rfe1 c5 34.Kf2 Kf6 35.Ke2 Kg5 36.g4 fxg3
37.Rg4+ Kh6 38.f4 Bf6 39.Kf3 d5 40.Rxg3 a4 41.Re6 axb3 42.axb3 dxc4 43.bxc4 Rf8
44.Ke4 Rh5 45.Ne5 Kh7 46.Nd7  1-0

[Event "Czech Open A"]
[Site "Pardubice CZE"]
[Date "2009.07.30"]
[Round "7"]
[White "Gutman,G"]
[Black "Hirneise,J"]
[Result "1-0"]
[WhiteElo "2508"]
[BlackElo "2284"]

1.d4 Nf6 2.Nf3 g6 3.c4 Bg7 4.Nc3 O-O 5.e4 d6 6.Be2 e5 7.Be3 Ng4 8.Bg5 f6
9.Bh4 g5 10.Bg3 Nh6 11.dxe5 dxe5 12.Qb3 c6 13.Rd1 Qe7 14.h3 Be6 15.Qc2 Nd7
16.O-O Kh8 17.Rfe1 Rfd8 18.Nd2 Qf7 19.Nd5 Nf8 20.Ne3 Ng6 21.c5 Bf8 22.Ndc4 Nf4
23.Bf1 Qc7 24.b4 b6 25.cxb6 axb6 26.a3 Kg8 27.f3 Nf7 28.Bf2 Rab8 29.g3 Ng6
30.Nf5 Ne7 31.Nce3 Nxf5 32.exf5  1-0

[Event "ch-Africa w"]
[Site "Tripoli LBA"]
[Date "2009.07.30"]
[Round "9"]
[White "Solomons,A"]
[Black "Elgohary,M"]
[Result "1-0"]
[WhiteElo "1932"]
[BlackElo "1683"]

1.d4 Nf6 2.c4 g6 3.Nc3 Bg7 4.e4 d6 5.Be2 O-O 6.Nf3 e5 7.O-O c6 8.Re1 Nbd7
9.dxe5 dxe5 10.h3 Nc5 11.Qxd8 Rxd8 12.Bf1 Be6 13.Nxe5 Ncxe4 14.Nxe4 Nxe4
15.Rxe4 Rd1 16.Nf3 Rad8 17.Bg5 Rxa1 18.Bxd8 Rxa2 19.Nd4 Rxb2 20.Nxe6 fxe6
21.Rxe6 Kf8 22.Bf6 Bxf6 23.Rxf6+ Ke7 24.Rf3 Rb1 25.g3 a5 26.Ra3 b6 27.c5 bxc5
28.Rxa5 Kd6 29.Kg2 Kd5 30.Be2 Kd4 31.Ra6 c4 32.Rxc6 c3 33.Rc4+ Kd5 34.Rxc3 Rb2
35.Bf3+ Ke5 36.Rc1 h5 37.Rc5+ Kf6 38.Be4 Rb4 39.Rc6+ Kg7 40.Bxg6 Rb5 41.f4 Rb2+
42.Rc2 Rb6 43.Bxh5  1-0

[Event "MTO"]
[Site "Biel SUI"]
[Date "2009.07.31"]
[Round "11"]
[White "Popov,Val"]
[Black "Shomoev,A"]
[Result "1-0"]
[WhiteElo "2563"]
[BlackElo "2580"]

1.Nf3 Nf6 2.c4 g6 3.Nc3 Bg7 4.e4 d6 5.d4 O-O 6.Be2 e5 7.Be3 Ng4 8.Bg5 f6
9.Bh4 g5 10.Bg3 Nh6 11.h3 Nc6 12.d5 Ne7 13.Qd2 Ng6 14.O-O-O a6 15.Kb1 Bd7
16.Ne1 f5 17.f3 fxe4 18.fxe4 Nf4 19.Bf1 Kh8 20.Nc2 Qf6 21.Ne3 Qg6 22.Bf2 c5
23.dxc6 Bxc6 24.Ned5 Bxd5 25.cxd5 b5 26.Qe3 Rac8 27.g3 b4 28.Na4 Nxd5 29.Rxd5 Rxf2
30.Bxa6 Rcf8 31.Be2 Ng8 32.Rd3 d5 33.exd5 Ne7 34.d6 Nd5 35.Qd2 b3 36.axb3 Rxe2
37.Qxe2 Nb4 38.Nc5 Rd8 39.Rd1 Rxd6 40.Ne4 Rd4 41.Rxd4 exd4 42.Rc1 h6 43.Rc8+ Kh7
44.Rc4 Nc6 45.Qc2 d3 46.Qxd3 Ne5 47.Qc2 Nxc4 48.bxc4 Kh8 49.g4 Qc6 50.c5 Qb5
51.Nd6 Qf1+ 52.Ka2 Qa6+ 53.Kb3 Qc6 54.Kb4 Qd5 55.Kb5  1-0

[Event "MTO"]
[Site "Biel SUI"]
[Date "2009.07.31"]
[Round "11"]
[White "Pelletier,Y"]
[Black "Gerber,R"]
[Result "1-0"]
[WhiteElo "2574"]
[BlackElo "2388"]

1.d4 Nf6 2.c4 g6 3.Nc3 Bg7 4.e4 d6 5.Nf3 O-O 6.Be2 e5 7.O-O Nbd7 8.Be3 exd4
9.Nxd4 Nc5 10.f3 a5 11.Qd2 Re8 12.Rfd1 Bd7 13.Bf1 a4 14.Rab1 h5 15.Kh1 Nh7
16.Ndb5 Be5 17.Qf2 b6 18.Nd5 Rc8 19.Nd4 Nf8 20.b4 axb3 21.axb3 Nfe6 22.Ne2 c6
23.Ndc3 Qf6 24.b4 Bxc3 25.bxc5 bxc5 26.Rxd6 Rc7 27.Rbd1 Bc8 28.Nxc3 Qxc3
29.Bxc5 Nxc5 30.Qxc5 Qe5 31.Qb6 Rce7 32.Qxc6 Kg7 33.Qd5 Qf4 34.Qd4+ Re5 35.Qc3 h4
36.c5 g5 37.h3 f6 38.Bb5 R8e7 39.Bd7 Bxd7 40.Rxd7 g4 41.Rxe7+ Rxe7 42.fxg4 Rxe4
43.Qd2 Qxd2 44.Rxd2 Re1+ 45.Kh2 Rc1 46.Rd5 Kg6 47.Rh5 Kg7 48.Rxh4 Rxc5 49.Rh5 Rc3
50.Ra5 Kg6 51.h4 Rc4 52.Kh3 Rc1 53.g5 f5 54.Ra6+ Kg7 55.Rf6 Rf1 56.g3 Rf2
57.h5 Kh7 58.Rf7+  1-0

[Event "ZMD Open"]
[Site "Dresden GER"]
[Date "2009.07.31"]
[Round "7"]
[White "Boehm,Rob"]
[Black "Held,F"]
[Result "1-0"]
[WhiteElo "2173"]
[BlackElo "2043"]

1.d4 Nf6 2.Nf3 g6 3.c4 Bg7 4.Nc3 O-O 5.e4 d6 6.Be2 e5 7.dxe5 dxe5 8.Qxd8 Rxd8
9.Bg5 Nbd7 10.O-O-O Rf8 11.Nd5 c6 12.Ne7+ Kh8 13.Be3 Re8 14.Nxc8 Rexc8 15.Ng5 Kg8
16.c5 h6 17.Nf3 Rd8 18.Rd3 Nf8 19.Nxe5 Nxe4 20.Rhd1 Re8 21.f4 Bxe5 22.fxe5 Rxe5
23.Bd4 Ree8 24.Bf1 Ne6 25.Be3 N4xc5 26.Rc3 Ne4 27.Rc4 Nf8 28.Bxh6 Nf2 29.Rd2 Re1+
30.Kc2 Rxf1 31.Rf4 Ne6 32.Rfxf2 Rxf2 33.Rxf2 Rd8 34.Be3 c5 35.a4 b6 36.Kc3 Rd1
37.Rd2 Rxd2 38.Bxd2 Kf8 39.Kc4 Ke7 40.Kb5 Nd4+ 41.Ka6 Nc6 42.Kb7 Kd7 43.g4 Ne5
44.Kxa7  1-0

[Event "Czech Open A"]
[Site "Pardubice CZE"]
[Date "2009.07.31"]
[Round "8"]
[White "Richter,Mic"]
[Black "Vocaturo,D"]
[Result "0-1"]
[WhiteElo "2427"]
[BlackElo "2507"]

1.d4 Nf6 2.c4 g6 3.Nc3 Bg7 4.e4 d6 5.Nf3 O-O 6.Be2 e5 7.d5 a5 8.Bg5 Na6 9.O-O Bd7
10.Nd2 Qe8 11.b3 Kh8 12.a3 Ng8 13.b4 f5 14.f3 Bh6 15.Bxh6 Nxh6 16.bxa5 Nc5
17.Nb3 Qb8 18.Nxc5 Qa7 19.Kh1 Qxc5 20.Nb5 Nf7 21.Qd2 c6 22.Nc7 Qxa5 23.Qxa5 Rxa5
24.Rfb1 Ra7 25.Bd3 f4 26.Rb6 Rc8 27.dxc6 bxc6 28.Na6 c5 29.Rab1 Rca8 30.Rb7 Bc8
31.Rxa7 Rxa7 32.Rb8 Rxa6 33.Rxc8+ Kg7 34.Kg1 Rxa3 35.Be2 Kf6 36.Rc7 h5 37.h4 Ra6
38.Kf2 Nd8 39.Rd7 Ne6 40.Bf1 Nd4 41.Kg1 Rb6 42.Kf2 Ne6 43.Kg1 Nf8 44.Ra7 Rb2
45.Rc7 Rd2 46.Rc8 Ne6 47.Rb8 Nd4 48.Rf8+ Ke7 49.Rg8 Nc2  0-1

[Event "ch-AUT"]
[Site "Jenbach AUT"]
[Date "2009.08.01"]
[Round "8"]
[White "Gerhold,M"]
[Black "Wiedermann,D"]
[Result "1-0"]
[WhiteElo "2241"]
[BlackElo "2151"]

1.Nf3 Nf6 2.c4 g6 3.Nc3 Bg7 4.e4 d6 5.d4 O-O 6.Be2 Nbd7 7.O-O e5 8.Be3 Re8
9.d5 Nh5 10.g3 Bf8 11.b4 Be7 12.Ne1 Ng7 13.Nd3 f5 14.f3 Bg5 15.Qd2 Bxe3+
16.Qxe3 Nf6 17.Qg5 Rf8 18.Qh4 Bd7 19.c5 Qe7 20.a3 Nge8 21.Rfd1 Qg7 22.g4 fxg4
23.fxg4 h5 24.g5 Ng4 25.Qg3 Qh7 26.Rf1 Ng7 27.Kh1 h4 28.Qg1 Nh5 29.Bxg4 Ng3+
30.hxg3 hxg3+ 31.Kg2 Bxg4 32.Qh1 Qxh1+ 33.Kxh1 Bh3 34.Rf6 Rxf6 35.gxf6 Rf8
36.Rg1 g2+ 37.Kh2 Rxf6 38.Kxh3 Rf3+ 39.Kxg2 Rxd3 40.cxd6 cxd6 41.Nb5 Kf8
42.Nxd6 Rxa3 43.Nxb7 Rb3 44.d6 Ke8 45.d7+  1-0

[Event "Centroamericano & Caribbean U20 w"]
[Site "Medellin COL"]
[Date "2009.08.01"]
[Round "4"]
[White "Espinosa Garcia,S"]
[Black "Heredia Serrano,C"]
[Result "1/2-1/2"]
[WhiteElo "2113"]
[BlackElo "2135"]

1.d4 Nf6 2.Nf3 g6 3.c4 Bg7 4.Nc3 O-O 5.e4 d6 6.Be2 Na6 7.O-O e5 8.h3 Qe8
9.d5 Nc5 10.Nd2 a5 11.Re1 a4 12.Rb1 Bd7 13.b4 axb3 14.axb3 h6 15.Qc2 Nh7
16.b4 Na4 17.Nb5 Bxb5 18.cxb5 Qe7  1/2-1/2

[Event "Tchibo Open B"]
[Site "Pardubice CZE"]
[Date "2009.08.01"]
[Round "9"]
[White "Tolstikh,N"]
[Black "Gorovets,A"]
[Result "1-0"]
[WhiteElo "2374"]
[BlackElo "2382"]

1.Nf3 Nf6 2.c4 g6 3.Nc3 Bg7 4.e4 d6 5.d4 O-O 6.Be2 Nbd7 7.O-O e5 8.Qc2 Nh5
9.Rd1 Nf4 10.Bf1 c5 11.d5 Nf6 12.h3 N6h5 13.Kh2 f5 14.g3 fxe4 15.Ng1 Nd3
16.Nxe4 Nxc1 17.Raxc1 Bh6 18.Rb1 Bf5 19.Bd3 Qd7 20.Kg2 Rf7 21.Rf1 Raf8 22.a3 Rg7
23.Qe2 Rgf7 24.b3 b6 25.Rb2 Qe7 26.Rfb1 a5 27.Qe1 Nf6 28.Re2 Qd7 29.Rbb2 Nh5
30.Qc3 Qd8 31.b4 Bxe4+ 32.Bxe4 Qg5 33.Rec2 axb4 34.axb4 Bg7 35.bxc5 bxc5
36.Rb6 Qd8 37.Ra6 Nf6 38.Qd3 Nh5 39.Nf3 Bf6 40.Nd2 Be7 41.Nb3 Re8 42.Na5 Bf8
43.Qd2 Nf6 44.Qe2 Qc8 45.Rb6 Qa8 46.Rb5 Qc8 47.Rcb2 Nxe4 48.Qxe4 Qf5 49.f3 Qg5
50.h4 Qc1 51.Re2 Ra8 52.Qd3 Rfa7 53.Rb1 Qh6 54.Nb3 Ra2 55.Rbb2 Rxb2 56.Rxb2 Qg7
57.Re2 Ra3 58.Qc2 Qa7 59.Nd2 Ra2 60.Qd3 Qa3 61.Qxa3 Rxa3 62.Ne4 Ra4 63.Rc2 Be7
64.Kf2 Kf7 65.Ke2 Ke8 66.Kd3 Kd7 67.Rc3 h5 68.Rb3 Kc7 69.Nc3 Ra1 70.Rb1 Rxb1
71.Nxb1 g5 72.hxg5 Bxg5 73.Nc3 h4 74.gxh4 Bxh4 75.Ke4 Be1 76.Nd1 Kd7 77.Ne3 Bd2
78.Ng4 Bg5 79.Kf5 Bh4 80.Kg6 Ke7 81.Ne3 Be1 82.Nf5+ Kd7 83.Kf7 Bd2 84.Ng7 Be3
85.Ne8 Bg5 86.Nf6+ Kd8 87.Ke6 Bf4 88.Ne4  1-0

[Event "Czech Open A"]
[Site "Pardubice CZE"]
[Date "2009.08.01"]
[Round "9"]
[White "Djurovic,G"]
[Black "Tomazini,Z"]
[Result "0-1"]
[WhiteElo "2290"]
[BlackElo "2119"]

1.c4 Nf6 2.Nf3 g6 3.Nc3 Bg7 4.e4 O-O 5.d4 d6 6.Be2 e5 7.O-O Na6 8.Be3 Ng4
9.Bg5 Qe8 10.c5 exd4 11.Nxd4 Nxc5 12.Bxg4 Bxg4 13.Qxg4 Bxd4 14.Nd5 c6 15.Rad1 Bxb2
16.Bf6 cxd5 17.Bxb2 dxe4 18.Rxd6 Rd8 19.Qf4 Qe7 20.Qh6 f6 21.Rxd8 Rxd8 22.h4 Nd3
23.Ba1 Rd5 24.Qe3 b6 25.Rd1 f5 26.Qg3 f4 27.Qg4 Rf5 28.Qe2 f3 29.Qe3 Rd5
30.gxf3 Qxh4 31.Rxd3 Rxd3 32.Qc1 Qd8 33.Qc4+ Qd5 34.Qc8+ Kf7 35.Qc7+ Ke6
36.Qc8+ Kd6 37.Qd8+ Kc5 38.Qe7+ Kb5 39.fxe4 Qc5 40.Qf6 Qh5 41.Qb2+ Ka6 42.Qxb6+  0-1

[Event "ch-AUT"]
[Site "Jenbach AUT"]
[Date "2009.08.02"]
[Round "9"]
[White "Albadri,A"]
[Black "Berchtold,C"]
[Result "1-0"]
[WhiteElo "2174"]
[BlackElo "2057"]

1.d4 Nf6 2.c4 g6 3.Nc3 Bg7 4.e4 d6 5.Nf3 O-O 6.Be2 e5 7.O-O Na6 8.Re1 c6
9.h3 Qb6 10.c5 dxc5 11.dxe5 Nd7 12.e6 fxe6 13.Na4 Qc7 14.Ng5 Bd4 15.Nxe6 Bxf2+
16.Kh1 Qg3 17.Nxf8 Bxe1 18.Nxd7 Ba5 19.Bxa6 Bxd7 20.Qb3+ Qxb3 21.axb3 bxa6
22.Nxc5 Bb4 23.Nxd7 Rd8 24.Nf6+ Kf7 25.Bg5 h6 26.Nd5 Rxd5 27.exd5 hxg5 28.dxc6  1-0

[Event "ch-AUT"]
[Site "Jenbach AUT"]
[Date "2009.08.02"]
[Round "9"]
[White "Kranewitter,N"]
[Black "Denk,A"]
[Result "1/2-1/2"]
[WhiteElo "2076"]
[BlackElo "2254"]

1.Nf3 d6 2.d4 Nf6 3.c4 g6 4.Nc3 Bg7 5.e4 O-O 6.Be2 Nbd7 7.O-O e5 8.d5 Nh5
9.g3 a5 10.Be3 Nc5 11.Nd2 Nf6 12.f3 Nfd7 13.Nb3 b6 14.Qc2 f5 15.Bd2 Nf6 16.Nxc5 bxc5
17.Bd3 Nh5 18.Rae1 Bd7 19.Bc1 Rf7 20.exf5 gxf5 21.g4 Nf4 22.Bxf4 exf4 23.Bxf5 Bxf5
24.gxf5 Qg5+ 25.Kh1 Qxf5 26.Ne4 Bd4 27.Qe2 Kh8 28.Nf2 Rg7 29.Rg1 Rag8 30.Rxg7 Rxg7
31.Rg1 Rxg1+ 32.Kxg1 Qb1+ 33.Kg2 Qg6+ 34.Kf1 Kg8 35.b3 Be3 36.Qd3 Qf6 37.Qe4 Bxf2
38.Kxf2 Qb2+ 39.Qe2 Qd4+ 40.Kg2 Qg7+ 41.Kf2 Qd4+ 42.Kg2 Qe5 43.Qe4 Kg7 44.Kh3 h5
45.Kg2 Kf6 46.h4 Qb2+ 47.Kh3 Qe5 48.Kg2 Qb2+ 49.Kh3 Qe5  1/2-1/2

[Event "Open"]
[Site "Kavala GRE"]
[Date "2009.08.02"]
[Round "3"]
[White "Arun Prasad,S"]
[Black "Markidis,K"]
[Result "1/2-1/2"]
[WhiteElo "2556"]
[BlackElo "2334"]

1.d4 Nf6 2.c4 g6 3.Nc3 Bg7 4.e4 d6 5.Nf3 O-O 6.Be2 e5 7.O-O Nbd7 8.Re1 Re8
9.Bf1 a6 10.Rb1 c6 11.d5 cxd5 12.cxd5 b5 13.a3 Nb6 14.Na2 Bd7 15.Nb4 Na4
16.Nd2 Bh6 17.Nb3 Bxc1 18.Qxc1 Qb6 19.Qe3 Qxe3 20.Rxe3 Nc5 21.f3 Nxb3 22.Rxb3 Rec8
23.Kf2 Nh5 24.g3 f5 25.Bh3 Nf6 26.Nc6 Bxc6 27.dxc6 Rxc6 28.exf5 Kf7 29.a4 Rb8
30.fxg6+ hxg6 31.Bf1 b4 32.a5 Nd7 33.Re3 Rc2+ 34.Kg1 Nc5 35.b3 g5 36.Bc4+ Ke7
37.Rbe1 Rf8 38.Rd1 Ra2 39.Rde1 Rxa5 40.Kg2 Rh8 41.R1e2 Nd7 42.f4 gxf4 43.gxf4 d5
44.Bd3 Rg8+ 45.Kf2 Rf8 46.Rf3 Ra3 47.Bc2 a5 48.fxe5 Rxf3+ 49.Kxf3 a4 50.Ke3 axb3
51.Bb1 Ra1 52.Rb2 Nxe5 53.Rxb3 Ra3 54.Rxa3 bxa3 55.h4 Nc6 56.h5  1/2-1/2

[Event "Continental ch-Americas Playoff"]
[Site "Sao Paulo BRA"]
[Date "2009.08.02"]
[Round "2"]
[White "Milos,G"]
[Black "Flores Rios,M"]
[Result "1-0"]
[WhiteElo "2589"]
[BlackElo "2482"]

1.d4 Nf6 2.c4 g6 3.Nc3 Bg7 4.e4 d6 5.Nf3 O-O 6.Be2 e5 7.O-O Na6 8.Re1 Qe8
9.Bf1 Bg4 10.d5 Nb4 11.Be2 a5 12.Be3 Bd7 13.Nd2 b6 14.a3 Na6 15.b3 Qe7 16.Qb1 Ng4
17.Bxg4 Bxg4 18.b4 f5 19.f3 f4 20.Bf2 Bd7 21.bxa5 bxa5 22.Nb3 a4 23.Na5 g5
24.Nc6 Qf6 25.Qd3 h5 26.Nxa4 g4 27.Kh1 Kh8 28.c5 g3 29.Bg1 gxh2 30.Bf2 Nb8
31.Nxb8 Bxa4 32.Nc6 Rg8 33.cxd6 cxd6 34.Reb1 Bh6 35.Rb7 Qg5 36.Qf1 h4 37.Kxh2 h3
38.gxh3 Qh5 39.Qe2 Rg5 40.Rg1 Rxg1 41.Bxg1 Rg8 42.Rb8 Bf8 43.Bf2 Qg5 44.Qf1 Bd1
45.Rxf8 Rxf8 46.Qxd1 Rg8 47.Qf1 Qh5 48.Be1 Qe8 49.a4 Qa8 50.a5 Qb7 51.Qf2 Rg3
52.Qb6 Qg7 53.Qd8+ Kh7 54.Qh4+  1-0

[Event "Arctic Chess Challenge"]
[Site "Tromso NOR"]
[Date "2009.08.02"]
[Round "2"]
[White "Hagen,Ande"]
[Black "Stokke,K"]
[Result "0-1"]
[WhiteElo "2132"]
[BlackElo "2347"]

1.d4 Nf6 2.c4 g6 3.Nc3 Bg7 4.e4 O-O 5.Nf3 d6 6.Be2 e5 7.d5 Na6 8.Bg5 h6 9.Bh4 g5
10.Bg3 Nxe4 11.Nxe4 f5 12.Nfd2 fxe4 13.Nxe4 Bf5 14.f3 g4 15.O-O h5 16.Qe1 Bxe4
17.fxe4 Qg5 18.Bd3 Nc5 19.Qe2 Rf4 20.Bf2 Raf8 21.b4 Nxd3 22.Qxd3 Bh6 23.Rae1 h4
24.c5 a6 25.cxd6 cxd6 26.b5 axb5 27.Qxb5 g3 28.Bb6 h3 29.gxh3 Rf2 30.Bxf2 gxf2+
31.Kh1 Qf4 32.Qd3 fxe1=Q 33.Rxe1 Qf3+ 34.Qxf3 Rxf3 35.Rb1 Rf7 36.Rb6 Rd7
37.Kg2 Be3 38.Rb3 Bc5 39.Kf3 Rf7+ 40.Kg4 Rf4+ 41.Kg5 b6 42.a4 Kf7 43.a5 bxa5
44.Rb7+ Ke8 45.h4 Be3  0-1